000 00515nam a2200181Ia 4500
005 20250508161648.0
008 008 250505s9999 xx 000 0 eng d
037 _aTextual
040 _aFEDL
_beng
_cFEDL
041 _aeng
_2eng
084 _a420.7, CON
_qFEDL
100 _aConlin David A
_9771234
245 0 _aModern approach to teaching english
260 _aNew York, USA
_bVan Nostrand Reinhold Company
_c1968
300 _a248p.
942 _cTEXL
_h420.7, CON
999 _c1371409
_d1371409